| 000 | 00344nam a2200133Ia 4500 | ||
|---|---|---|---|
| 008 | 210430s9999 xx 000 0 und d | ||
| 020 | _a81-219-2821-4 | ||
| 082 | _a670.42 S5241 T | ||
| 100 |
_aP.C.Sharma _954207 |
||
| 245 |
_aManufacturing Technology-1 / _cP.C.Sharma |
||
| 260 |
_aIndia _bS.Chand _c2007 |
||
| 300 | _a365p | ||
| 942 |
_cBK _2ddc |
||
| 999 |
_c564692 _d564692 |
||